Statistics for Muriel Spark Bibliography

Click here to take the quiz!

General Stats

  • This quiz has been taken 4 times
  • The average score is 11 of 148

Answer Stats

TypeYearName% Correct
Novella1970The Driver's Seat
100%
Novel1981Loitering with Intent
75%
Novel1963The Girls of Slender Means
75%
Novel1973The Hothouse by the East River
75%
Novel1961The Prime of Miss Jean Brodie
75%
Novel1988A Far Cry from Kensington
50%
Novel1958Robinson
50%
Novel1990Symposium
50%
Novella1974The Abbess of Crewe
50%
Novel1960The Bachelors
50%
Novel1960The Ballad of Peckham Rye
50%
Short Story | Short Story Collection1958The Go-Away Bird
50%
Novel2000Aiding and Abetting
25%
Autobiography1992Curriculum Vitae
25%
Novel1959Memento Mori
25%
Novel1971Not To Disturb
25%
Novel1996Reality and Dreams
25%
Novel1979Territorial Rights
25%
Novel1957The Comforters
25%
Novel2004The Finishing School
25%
Novel1965The Mandelbaum Gate
25%
Novel1984The Only Problem
25%
Novel1968The Public Image
25%
Novel1976The Takeover
25%
Poem2004Abroad
0%
Poem2004Against the Transcendentalists
0%
Short Story2001A Hundred and Eleven Years Without a Chauffeur
0%
Short Story2001Alice Long's Dachshunds
0%
Poetry Collection2004All the Poems
0%
Short Story2001A Member of the Family
0%
Poem2004Anger in the Works
0%
Short Story2001Another Pair of Hands
0%
Short Story1958A Sad Tale's Best for Winter
0%
Poem2004A Tour of London
0%
Poem2004Authors' Ghosts
0%
Poem2004A Visit
0%
Short Story Collection1982Bang-Bang You're Dead
0%
Poem2004Bluebell Among the Sables
0%
Poem2004Canaan
0%
Non-Fiction Book1951Child of Light
0%
Short Story2001Chimes
0%
Short Story2001Christmas Fugue
0%
Poem2004Chrysalis
0%
Poetry Collection1967Collected Poems I
0%
Short Story Collection1967Collected Stories I
0%
Short Story1958Come Along, Majorie
0%
Poem2004Communication
0%
Poem2004Complaint in a Wash-Out Season
0%
Short Story Collection2001Complete Short Stories
0%
Poem2004Conundrum
0%
Poem2004Conversation Piece
0%
Poem2004Conversations
0%
Poem2004Created and Abandoned
0%
Short Story1958Daisy Overend
0%
Poem2004Dimmed-Up
0%
Play1963Doctors of Philosophy
0%
Poem2004Edinburgh Villanelle
0%
Poem2004Elegy in a Kensington Churchyard
0%
Poem2004Elementary
0%
Biography1953Emily Brontë: Her Life and Work
0%
Poem2004Evelyn Cavallo
0%
Poem2004Facts
0%
Poem2004Faith and Works
0%
Poem2004Flower into Animal
0%
Poem2004Four People in a Neglected Garden
0%
Poem2004Fruitless Fable
0%
Short Story2001Going Up and Coming Down
0%
Poem2004Going Up to Sotheby's
0%
Poetry Collection1982Going Up to Sotheby's and Other Poems
0%
Short Story2001Harper and Wilton
0%
Poem2004Hats
0%
Poem2004Holidays
0%
Poem2004Holy Water Rondel
0%
Poem2004Industriad
0%
Poem2004Intermittence
0%
Biography1953John Masefield
0%
Short Story2001Ladies and Gentlemen
0%
Poem2004Leaning Over an Old Wall
0%
Poem2004Letters
0%
Poem2004Like Africa
0%
Poem2004Litany of Time Past
0%
Short Story1958Miss Pinkerton's Apocalypse
0%
Poem2004Mungo Bays the Moon
0%
Poem2004My Kingdom for a Horse
0%
Poem2004Note by the Wayside
0%
Poem2004Omen
0%
Poem2004On the Lack of Sleep
0%
Short Story2001Open to the Public
0%
Poem2004Panickings
0%
Poem2004Persicos Odi
0%
Short Story2001Quest for Lavishes Ghast
0%
Poem2004Shipton-under-Wychwood
0%
Poem2004Sisera
0%
Poem2004Standing in the Field
0%
Poem2004That Bad Cold
0%
Poem2004That Lonely Shoe Lying on the Road
0%
Poem2004The Ballad of the Fanfarlo
0%
Short Story1958The Black Madonna
0%
Poem2004The Card Party
0%
Poem2004The Creative Writing Class
0%
Short Story2001The Curtain Blown by the Breeze
0%
Short Story2001The Dark Glasses
0%
Poem2004The Dark Music of the Rue du Cherche-Midi
0%
Short Story2001The Dragon
0%
Poem2004The Empty Space
0%
Short Story2001The Executor
0%
Poem2004The Fall
0%
Poetry Collection1952The Fanfarlo and Other Verse
0%
Short Story2001The Fathers' Daughters
0%
Short Story2001The First Year of My Life
0%
Short Story2001The Fortune-Teller
0%
Non-Fiction Book1993The French Window and the Small Telephone
0%
Short Story2001The Gentile Jewesses
0%
Short Story2001The Girl I Left Behind Me
0%
Poem2004The Goose
0%
Poem2004The Grave that Time Dug
0%
Short Story2001The Hanging Judge
0%
Poem2004The Hospital
0%
Short Story2001The House of the Famous Poet
0%
Short Story2001The Leaf-Sweeper
0%
Poem2004The Messengers
0%
Poem2004The Nativity
0%
Short Story2001The Ormolu Clock
0%
Short Story1958The Pawnbroker's Wife
0%
Poem2004The Pearl-Miners
0%
Short Story2001The Pearly Shadow
0%
Short Story2001The Playhouse Called Remarkable
0%
Short Story1958The Portobello Road
0%
Poem2004The Rout
0%
Short Story1958The Seraph and the Zambesi
0%
Short Story2001The Snobs
0%
Short Story2001The Thing About Police Stations
0%
Poem2004The Three Kings
0%
Short Story1958The Twins
0%
Children's Book1968The Very Fine Clock
0%
Poem2004The Victoria Falls
0%
Poem2004The Yellow Book
0%
Short Story2001The Young Man Who Discovered the Secret of Life
0%
Poem2004To Lucius Sestius in the Spring
0%
Poem2004To the Gods of My Right Hand
0%
Non-Fiction Book1950Tribute to Wordsworth
0%
Poem2004Verlaine Villanelle
0%
Poem2004We Were Not Expecting the Prince To-day
0%
Poem2004What?
0%
Poem2004While Flicking Over the Pages
0%
Poem2004Winter Poem
0%
Short Story1958You Should Have Seen the Mess
0%

Score Distribution

Percentile by Number Answered

Percent of People with Each Score

Your Score History

You have not taken this quiz